Datum a čas kvízu
21
Celkem bodů
Celkový počet nahraných bodů na tomto kvízu bez doplňovacích otázek.
3.
Pořadí na kvízu
Konečné umístění týmu na tomto kvízu.
Zaznamenané odpovědi
| # | Otázka | Odpověď | Body | Výsledky |
|---|---|---|---|---|
| 1. | Předsedou KDU-ČSL se na pátečn... | Marek Výborný | 0 | |
| 2. | Papež František proslul tím, ž... | papež si nenechal políbit prsten a vždy ucuknul | 1 | |
| 3. | Po deseti letech výstavby otev... | o Kataru | 0 | |
| 4. | Po Zootu se v problémech ocitá... | Kulina.cz | 0 | |
| 5. | Fotbalistům Colchesteru United... | hamburger | 0 | |
| 6. | Vaším úkolem bude uhodnout kře... | Jan / Stanislav Tříska | 0.5 | |
| 7. | Čtvrté nejčastější příjmení v... | Petr / Pavel / Petra Svoboda | 1 | |
| 8. | Nejstarším z další trojice je... | Emanuel / David Moravec; Nikol Moravcová | 0 | |
| 9. | Slovenský jazzový a bluesový z... | Peter / Dua Lipa | 0 | |
| 10. | Americký politik a aktivista,... | John / James / Melanie Brown | 0 |